000 00655nam a2200181Ia 4500
008 100920s9999 xx 000 0 und d
082 _b101192
_a320 न 07
100 _aबर्वे राजेंद्र./बर्वे ललिता.
245 _aयातून मार्ग काय ?.
260 _bमनोविकास प्रकाशन,पुणे.
_c2007
300 _a176
_bसाधी
365 _b130
520 _aराजकारण.
630 _aयातून मार्ग काय ?.
650 _aराजकारण.
730 _aयातून मार्ग काय ?.
942 _cBOOK
999 _c741629
_d741626